Statistics for Little House on the Prairie Characters

Click here to take the quiz!

General Stats

  • This quiz has been taken 316 times
  • The average score is 20 of 26

Answer Stats

HintAnswer% Correct
Ingalls - 2nd DaughterLaura
100%
Ingalls - Oldest DaughterMary
100%
Ingalls - DadCharles
99%
Ingalls - 3rd DaughterCarrie
97%
Ingalls - MomCaroline
95%
Oleson - DaughterNellie
95%
Laura's HusbandAlmanzo Wilder
89%
Oleson - SonWillie
88%
Ingalls - 1st Adopted SonAlbert
86%
Ingalls - 4th DaughterGrace
85%
Oleson - DadNels
83%
Oleson - MomHarriet
82%
DoctorDr Baker
81%
Mary's HusbandAdam Kendall
76%
Charles co-worker and friend (dark hair and beard)Isaiah Edwards
72%
Oleson - Adopted DaughterNancy
72%
Ingalls - Adopted DaughterCassandra
68%
Ingalls - 2nd Adopted SonJames
64%
School TeacherMiss Eva Beadle
64%
ReverendReverend Alden
63%
Laura's Sister-in-lawEliza Jane Wilder
59%
Owner of the millLars Hanson
59%
Friends and neighbors of the IngallsJonathan Garvey
58%
Garvey - SonAndrew
56%
Garvey - MomAlice
52%
Teacher at the blind schoolHester-Sue
45%

Score Distribution

Percentile by Number Answered

Percent of People with Each Score

Your Score History

You have not taken this quiz